000 00461nam a2200181Ia 4500
001 13455
005 20260306164802.0
008 260306t2001||||xx |||||||||||||| ||spa||
041 _aESP
082 _aS 004.21
_bL33
100 _aLea, Doug
_eAUT
245 0 _aProgramación concurrente en Java:
_bprincipios y patrones de diseño
260 _c2001
300 _ax, 430 páginas :
_c24 cm.
650 _aGEN
654 _aCCC
942 _cLIB
_dJUS
_fJUS
_2ddc
_n
999 _c13455
_d13455